00775nam a2200145Ia 4500008004100000050002500041100002400066245023500090260004500325300004700370500005600417650001100473999001900484952012600503150609s9999 xx 000 0 und d aQP 34.5 b.B813 2015 aBragais. Anthony G. 4aThe effectiveness of the fruit of capsicum frutescens (bird chili pepper) in inhibiting the growth of candida albicans / cAnthony G. Bragais, Juan Carlo M. Cham, carlo R. Divina, Denette Riezvy J. Ruga, Marianne Rae B. Trinidad . aLas Piñas, Philippines :bSISC,c2015. a96 pages : bcolor illustrations ;c28 cm. aIncludes bibliographical references and appendices. aPepper c285023d285023 00102lcc40aCLbSSLCcNULLd2015-06-09eDONATIONl0oQP 34.5 .B813 2015pSSLCT0755r2018-05-15 00:00:00w2015-06-09yTH